top 10 anime - Statistics

General Stats
  • This quiz has been taken 169 times
  • The average score is 5 of 10
Answer Stats
Hint Answer % Correct
2 One Piece
87%
10 Jujutsu Kaisen
77%
1 Dragon Ball
73%
4 Bleach
66%
8 Demon Slayer
52%
3 Solo Leveling
30%
9 Vinland Saga
30%
6 Naruto
26%
7 One Punch Man
26%
5 Fullmetal Alchemist
20%
No matching quizzes found
Score Distribution
Percent of People with Each Score
Percentile by Number Answered
Your Score History
You have not taken this quiz